Indikátory zdravotného stavu obyvateľstva z aspektu trvalo udržateľného rozvoja

Zhodnotenie indikátorov zdravia a zdravotného stavu obyvateľstva z aspektu trvalo udržateľného rozvoja. Definovanie indikátorov trvalo udržateľného rozvoja. Indikátory zdravotného stavu obyvateľstva.

Gespeichert in:
Bibliographische Detailangaben
1. Verfasser: Vilinová, Katarína
Format: Buchkapitel
Sprache:Slowakisch
Schlagworte:
Tags: Tag hinzufügen
Keine Tags, Fügen Sie das erste Tag hinzu!

MARC

LEADER 00000naa a2200000 4500
001 0191243
005 20230908072926.1
041 0 |a slo 
044 |a SK 
245 1 0 |a Indikátory zdravotného stavu obyvateľstva z aspektu trvalo udržateľného rozvoja  |c Katarína Vilinová 
520 |a Zhodnotenie indikátorov zdravia a zdravotného stavu obyvateľstva z aspektu trvalo udržateľného rozvoja. Definovanie indikátorov trvalo udržateľného rozvoja. Indikátory zdravotného stavu obyvateľstva. 
610 2 0 |a Slovensko 
610 2 0 |a rozvoj trvalo udržateľný 
610 2 0 |a zdravie 
610 2 0 |a analýza ekonomická 
610 2 0 |a politika zdravotná 
100 1 |a Vilinová, Katarína